Normal view
MARC view
Entry Personal Name
001 - CONTROL NUMBER
- control field: 14740
003 - CONTROL NUMBER IDENTIFIER
- control field: ARRUPE
005 - DATE AND TIME OF LATEST TRANSACTION
- control field: 20150129140351.0
008 - FIXED-LENGTH DATA ELEMENTS
- fixed length control field: 150129|| aca||aabn | a|a d
040 ## - CATALOGING SOURCE
- Original cataloging agency: ARRUPE
- Transcribing agency: ARRUPE
100 ## - HEADING--PERSONAL NAME
- Personal name: Vico, Giambattista,
- Dates associated with a name: 1668-1744.
670 ## - SOURCE DATA FOUND
- Source citation: Work cat.: (ARRUPE)0: Croce, Benedetto, 14739, The philosophy of Giambattista Vico, 2012.